| 000 | 00701nam a2200229 a 4500 | ||
|---|---|---|---|
| 001 | BRCA_5941 | ||
| 005 | 20190320205253.0 | ||
| 008 | 240311s1953----enka######---#000-0#eng-# | ||
| 041 | _aeng | ||
| 044 | _aenk | ||
| 050 | 4 |
_aNK7103.E4 _b.G75 1953 |
|
| 100 | 1 |
_aGrimwade, A. G. _915005 |
|
| 245 | 1 | 0 |
_aThe Queen´s silver _ba survey of her majesty´s personal collection _cby A. G. Grimwade. |
| 260 |
_aLondres _bConnoisseur _c1953 |
||
| 300 |
_avii, 120 p. _bil., 65 láminas _c25 cm. |
||
| 500 | _aIncluye lista de láminas | ||
| 500 | _aG73 | ||
| 600 | 1 | 4 |
_aElizabeth II _cReina de Inglaterra _d1926- _915006 |
| 650 | 1 | 4 |
_aPlatería _xColecciones particulares _99230 |
| 902 | _aGFM | ||
| 942 |
_2lcc _cB |
||
| 999 |
_c5630 _d5630 |
||